01498nam a2200373 a 4500001001200000003000800012006001900020007001500039008004100054020001800095020002700113020002700140020002700167020002700194040002100221035002100242050002400263082001400287100002000301245012200321250001200443260005200455300006500507490001800572504005100590533015200641588009600793650002000889655002900909710001700938830002600955856012600981999001701107ebr10719162CaPaEBRm o u cr cn|||||||||150303s2013 enka sb 001 0 eng d z9781118571927 z9781118571903 (e-book) z9781118700525 (e-book) z9781118571897 (e-book) z9781118571910 (e-book) aCaPaEBRcCaPaEBR a(OCoLC)84151855514aHG4751b.D46 2013eb04a332.62231 aDemaria, Cyril.10aIntroduction to private equityh[electronic resource] :bventure, growth, LBO & turn-around capital /cCyril Demaria. a2nd ed. aChichester, West Sussex, U.K. :bWiley,cc2013. a1 online resource (xvi, 392 p.) :bill. (some col.), graphs.1 aWiley Finance aIncludes bibliographical references and index. aElectronic reproduction.bPalo Alto, Calif. :cebrary,d2015.nAvailable via World Wide Web.nAccess may be limited to ebrary affiliated libraries. aDescription based on online resource; title from title page (ebrary, viewed June 20, 2013). 0aPrivate equity. 7aElectronic books.2local2 aebrary, Inc. 0aWiley finance series.40uhttp://site.ebrary.com/lib/rucke/Doc?id=10719162zAn electronic book accessible through the World Wide Web; click to view c28162d28162